000 00470nam a2200157 4500
001 131560
003 ES-MaACL
007 t|
008 070214s1929 sp r ||||1| spa d
100 1 _aRodríguez García, Gerardo.
_998539
245 1 0 _aPsicología
_b: cuestiones fundamentales : conciencia y personalidad /
_cGerardo Rodríguez García.
250 _a1ª ed.
260 _aMadrid :
_bHernando,
_c1929.
300 _a272 p. ;
_c24 cm.
852 _aES-MaACL
_jB-3551
999 _c131560
_d131560